00730nam a2200229Ia 450000500170000000800410001702000150005804000180007304100080009108200170009910000230011624500940013925000120023326000440024530000240028965000160031365000510032965000610038070000220044170000210046370000160048420220720124041.0210716s2002 xx 000 0 und d a8178086131 cAIMIT LIBRARY aeng a519.2 bWALR aWalpole, Ronald E. aProbability and statistics for engineers and scientists /cBy Ronald E Walpole...[et.al]. a7th ed. aNew Delhi :bPearson Education ,c2002. axvi,730p. ;c24 cm. aProbability aRandom variables and probability distributions aFundamental sampling distributions and data descriptions aMyers, Raymond H. aMyers, Sharon L. aYe, Keying.